Research methodology in the built environment : (Record no. 14395)

000 -LEADER
fixed length control field 00940cam a2200253 i 4500
003 - CONTROL NUMBER IDENTIFIER
control field OSt
005 - DATE AND TIME OF LATEST TRANSACTION
control field 20260224165404.0
008 - FIXED-LENGTH DATA ELEMENTS--GENERAL INFORMATION
fixed length control field 151110s2016 enk b 001 0 eng
020 ## - INTERNATIONAL STANDARD BOOK NUMBER
International Standard Book Number 9781138849471
Qualifying information pbk. : alk. paper
035 ## - SYSTEM CONTROL NUMBER
System control number 18851625
042 ## - AUTHENTICATION CODE
Authentication code pcc
082 00 - DEWEY DECIMAL CLASSIFICATION NUMBER
Classification number 720.72
Edition number 23
245 00 - TITLE STATEMENT
Title Research methodology in the built environment :
Remainder of title a selection of case studies /
Statement of responsibility, etc Edited by Vian Ahmed, Alex Opoku and Zeeshan Aziz.
300 ## - PHYSICAL DESCRIPTION
Extent xx, 288 pages ;
Dimensions 23 cm
504 ## - BIBLIOGRAPHY, ETC. NOTE
Bibliography, etc Includes bibliographical references and index.
650 #0 - SUBJECT ADDED ENTRY--TOPICAL TERM
Topical term or geographic name as entry element Architecture
General subdivision Study and teaching.
650 #0 - SUBJECT ADDED ENTRY--TOPICAL TERM
Topical term or geographic name as entry element Architecture
General subdivision Research
Form subdivision Case studies.
655 #7 - INDEX TERM--GENRE/FORM
Genre/form data or focus term Case studies.
Source of term lcgft
700 1# - ADDED ENTRY--PERSONAL NAME
Personal name Ahmed, Vian,
Relator term editor.
700 1# - ADDED ENTRY--PERSONAL NAME
Personal name Opoku, Alex,
Relator term editor.
700 1# - ADDED ENTRY--PERSONAL NAME
Personal name Aziz, Zeeshan,
Relator term editor.
776 08 - ADDITIONAL PHYSICAL FORM ENTRY
Display text Online version:
Title Research methodology in the built environment
Place, publisher, and date of publication New York : Routledge, 2016
International Standard Book Number 9781315725529
Record control number (DLC) 2015044926
942 ## - ADDED ENTRY ELEMENTS (KOHA)
Source of classification or shelving scheme
Holdings
Withdrawn status Lost status Source of classification or shelving scheme Damaged status Koha normalized classification for sorting Not for loan Permanent location Current location Shelving location Date acquired Full call number Barcode Date last seen Price effective from Koha item type
        720_720000000000000   BMS College of Architecture, Design and Planning BMS College of Architecture, Design and Planning General Stacks 2025-12-17 720.72 AR-UG5205 2026-02-10 2026-02-10 UG Books
Copyright © 2025, The Librarian, Library and Information Centre, BMSCA D&P, Bengaluru. All Rights Reserved
web counter

Powered by Koha